000 01081nam0a22002651 4500
001 rc\606508
005 20031121163654.2
035 _a(NLR Aleph) 005850575
090 _a5774357
_c5774357
100 _a20031121d1986 u |0rusy50 ca
101 0 _arus
102 _aRU
105 _aa |||||||||
200 1 _aАвтоматизация электроизмерений
_eУчеб. пособие
_fВсесоюз. ин-т повышения квалификации руководящих и инж.-техн. работников в обл. стандартизации, качества продукции и метрологии
210 _aМ.
_cИзд-во стандартов
_d1986
215 _a95 с.
_cил.
_d21
225 1 _aМетрология
320 _aБиблиогр.: с. 93-94 (28 назв.)
700 1 _aЛебедев
_bГ. В.
_gГригорий Васильевич
701 1 _aЯнович
_bБ. К.
_gБорис Кузьмич
801 0 _aRU
_bNLR
_gpsbo
801 1 _aRU
_bELAR
_2rusmarc
852 _aNLR
_j86-4/26671
942 _cBOOK
980 _aNB